00326nam a2200109Ia 4500008004100000082000800041100001300049245003800062942000600100952009500106999001500201240331s9999 xx 000 0 und d bCLA aClark, P 4aThe emperor Jones, The Nairy Ape  cL 001040708LaWERCLbWERCLcSSCd2024-03-31l0o 820 CLAp5355r2024-03-31w2024-03-31yL c3142d3142